000 00633nam a2200229Ia 4500
003 OSt
005 20221002055114.0
006 a|||||r|||| 00| 0
007 ta
008 220930b |||||||| |||| 00| 0 eng d
024 _a72261
037 _cReference Collections
040 _aCRL
_cCRL
_beng
041 _2eng
_aeng
082 _aV1wN3, M0(RR)
100 _aHindley Geoffrey Au.
_9576740
245 0 _aMakers of history
260 _c1980
700 _a Floyd Elizabeth Au.
_9576741
942 _hV1wN3, M0(RR)
_cref
_2CC
999 _c926780
_d926780